000 00341 a2200157 4500
001 61129
020 _a9780194389044
040 _cAnchieta - Pituba
100 _aSoars, Liz
240 1 0 _aAmerican headway 1A
_lIng
245 1 0 _aAmerican headway 1A
300 _a81
362 0 _a2004
650 4 _aInglês e inglês antigo
942 _cBK
999 _c61129
_d61129